| 000 | 00978cab a2200253 4500 | ||
|---|---|---|---|
| 001 | WB2844-44 | ||
| 008 | 090401t1992 xxu||||| |||| 00| 0 eng d | ||
| 035 | _a(Sirsi) u59669 | ||
| 041 | _aeng | ||
| 245 | _aTime limit for planning appeal | ||
| 260 | _c1992 | ||
| 350 | _a0 | ||
| 490 |
_aEstates Gazette Case Summaries _v(1992) EGCS 130(1) (7/11/92) |
||
| 520 | _a"Stainer v SoS for the Environment and another" QBD 29 October 1992. It was held that the six-week statutory period, within which an aggrieved party could appeal against a planning decision under Town and Country Planning Act 1988 s288, did include Christmas bank holidays therefore the appeal in question was found to be out of time. | ||
| 650 | _aBANK HOLIDAYS | ||
| 650 | _aCHRISTMAS | ||
| 650 | _aPLANNING APPEALS | ||
| 650 | _aPLANNING PERMISSION | ||
| 650 | _aREFUSAL | ||
| 650 | _aSTATUTORY TIME-LIMITS | ||
| 690 | _aPLANNING LAW AND PRACTICE-CASE LAW | ||
| 942 | _n0 | ||
| 948 | _c04/03/1997 | ||
| 999 |
_c36644 _d36644 |
||